Normal view MARC view

Entry Topical Term

Number of records used in: 1

001 - CONTROL NUMBER

  • control field: 1628

003 - CONTROL NUMBER IDENTIFIER

  • control field: csc

005 - DATE AND TIME OF LATEST TRANSACTION

  • control field: 20140507162101.0

008 - FIXED-LENGTH DATA ELEMENTS

  • fixed length control field: 130812|| aca||aabn | a|a d

040 ## - CATALOGING SOURCE

  • Original cataloging agency: csc
  • Transcribing agency: csc

150 ## - HEADING--TOPICAL TERM

  • Topical term or geographic name entry element: Data protection
  • General subdivision: Law and legislation.

670 ## - SOURCE DATA FOUND

  • Source citation: Work cat.: (csc)0: Sánchez Caro, Javier. 5499, Telemedicina y protección de datos sanitarios :, 2002.